000 00564nam a2200253Ia 4500
003 IT-RoPAU
008 120407s9999 xx 000 0 und d
040 _aIT-RoPAU
040 _cIT-RoPAU
041 _aita
100 _aGerd A. Wewers
100 _ccoll. Cur.
245 _aTesti giudaici per lo studio del Nuovo Testamento.
250 _aBrescia
260 _aPaideia
260 _c1987
300 _a344 p.
300 _c21 cm
490 _aN.T. - Supplementi
490 _v18
700 _aHans G. Kippenberg
942 _cBK
999 _c33090
_d33090